000 00237nam a2200109Ia 4500
100 _aAsoke K Talukdar
250 _a2009 Ed.
942 _cBK
245 _aMobile Computing
260 _aTata McGraw Hill, New Delhi
082 _a4.16
_bDOU
999 _c422434
_d422434